[Event "24th 4NCL Congress"]
[Site "Harrogate"]
[Date "2020.01.19"]
[Round "4.18"]
[White "Cawston, M John"]
[Black "Potter, Steven"]
[Result "1-0"]
[WhiteElo "1778"]
[BlackElo "1732"]
[PlyCount "51"]
[EventDate "2020.01.17"]

1. d4 b6 2. e4 Bb7 3. Nc3 e6 4. a3 c5 5. Nf3 Nf6 6. e5 Nd5 7. Nxd5 Bxd5 8. c4
Bb7 9. d5 exd5 10. cxd5 d6 11. Bb5+ Nd7 12. e6 fxe6 13. dxe6 Be7 14. Bxd7+ Kf8
15. O-O Kg8 16. Bf4 Qf8 17. Qd2 Bxf3 18. gxf3 h5 19. Kh1 Rh6 20. Rg1 Rf6 21.
Bh6 Rxf3 22. Rxg7+ Qxg7 23. Bxg7 Kxg7 24. Rg1+ Kh7 25. Qc2+ Kh8 26. Qg6 1-0

[Event "24th 4NCL Congress"]
[Site "Harrogate"]
[Date "2020.01.19"]
[Round "4.19"]
[White "Harris, John"]
[Black "Dean, Robert A"]
[Result "1/2-1/2"]
[WhiteElo "1556"]
[BlackElo "1771"]
[PlyCount "119"]
[EventDate "2020.01.17"]

1. d4 d5 2. Nf3 Nf6 3. Bf4 g6 4. e3 Bg7 5. h3 O-O 6. Nbd2 Nbd7 7. Bd3 c5 8. c3
Re8 9. Ne5 Nxe5 10. dxe5 Nd7 11. Nf3 e6 12. h4 Qc7 13. Qa4 Rf8 14. h5 Nxe5 15.
Nxe5 Bxe5 16. hxg6 fxg6 17. Bh6 Bg7 18. Qh4 Bxh6 19. Qxh6 Qg7 20. Qh4 e5 21.
O-O-O Be6 22. Rh2 d4 23. c4 dxe3 24. fxe3 Rad8 25. Kc2 Rd7 26. Be4 Rxd1 27.
Kxd1 Qd7+ 28. Kc2 Bf5 29. Kc3 Rd8 30. Bd5+ Kg7 31. Qxh7+ Kf6 32. Qh4+ Kg7 33.
e4 Bg4 34. Qg5 Re8 35. Rh4 Bd1 36. b3 Qc7 37. Kd2 Qa5+ 38. Kxd1 Qxa2 39. Rh3
Qa1+ 40. Kc2 Qa2+ 41. Kd1 Qa1+ 42. Qc1 Qd4+ 43. Qd2 Qa1+ 44. Ke2 Qg1 45. Kf3
Rf8+ 46. Kg3 Rf4 47. Bxb7 Qd4 48. Qe2 Qc3+ 49. Kh2 Qc1 50. Qd3 Rf7 51. Bd5 Rf1
52. Rf3 Qh6+ 53. Rh3 Qc1 54. Re3 Rh1+ 55. Kg3 Qg1 56. Qc3 Qh2+ 57. Kf2 Qh4+ 58.
Rg3 Qf4+ 59. Ke2 Qf1+ 60. Ke3 1/2-1/2

[Event "24th 4NCL Congress"]
[Site "Harrogate"]
[Date "2020.01.19"]
[Round "4.20"]
[White "Robinson, Brian"]
[Black "Teague, David"]
[Result "1/2-1/2"]
[WhiteElo "1573"]
[BlackElo "1614"]
[PlyCount "42"]
[EventDate "2020.01.17"]

1. d4 e6 2. Nf3 f5 3. Nc3 Nf6 4. Bg5 Be7 5. Bxf6 Bxf6 6. e4 fxe4 7. Nxe4 O-O 8.
Bd3 b6 9. O-O Bb7 10. c3 Qe8 11. Re1 Qh5 12. Re3 Nc6 13. Nfg5 Qxd1+ 14. Rxd1 h6
15. Nxf6+ Rxf6 16. Nf3 g5 17. Ne5 Nxe5 18. dxe5 Rf7 19. Bg6 Rg7 20. Be4 Bxe4
21. Rxe4 Rd8 1/2-1/2

[Event "24th 4NCL Congress"]
[Site "Harrogate"]
[Date "2020.01.19"]
[Round "4.21"]
[White "Sandhu, Manvith"]
[Black "Holi, Siefaldin A"]
[Result "0-1"]
[WhiteElo "1747"]
[BlackElo "1728"]
[PlyCount "132"]
[EventDate "2020.01.17"]

1. e4 c5 2. Nf3 Nc6 3. Bb5 g6 4. c3 Bg7 5. d4 cxd4 6. cxd4 Nf6 7. Nc3 a6 8. Be2
d5 9. e5 Ne4 10. Qb3 Nxc3 11. Qxc3 Bg4 12. h3 Bxf3 13. Bxf3 O-O 14. Be3 Rc8 15.
Qb3 e6 16. O-O Qh4 17. Qd1 Na5 18. b3 f5 19. Qd2 Nc6 20. Bf4 h6 21. Kh2 Kh7 22.
a3 Qe7 23. Qb2 g5 24. Be3 Qc7 25. Rfc1 Qb8 26. Rc2 Nxe5 27. Kh1 Nxf3 28. gxf3
e5 29. Rxc8 Rxc8 30. dxe5 Qxe5 31. Qxe5 Bxe5 32. Rd1 d4 33. Bd2 Rc2 34. Kg2 Rb2
35. Bb4 Rxb3 36. Re1 Bf6 37. Re6 Kg7 38. Rb6 Kg6 39. Kf1 d3 40. Ke1 a5 41. Bxa5
Rxa3 42. Bb4 Rb3 43. Kd2 Kh5 44. Rxf6 Rxb4 45. Kxd3 f4 46. Re6 b5 47. Rb6 Rb2
48. Ke4 Re2+ 49. Kf5 Rxf2 50. h4 Kxh4 51. Rxh6+ Kg3 52. Kxg5 Kxf3 53. Rf6 Ke3
54. Kf5 Kd4 55. Rd6+ Kc4 56. Rc6+ Kb3 57. Ke4 b4 58. Kd3 Kb2 59. Rc4 b3 60. Rc8
Rc2 61. Rb8 f3 62. Rh8 Kb1 63. Rh1+ Kb2 64. Rh8 f2 65. Rf8 Kc1 66. Ke3 b2 0-1

[Event "24th 4NCL Congress"]
[Site "Harrogate"]
[Date "2020.01.19"]
[Round "4.22"]
[White "Millar, Greg F"]
[Black "Waterfield, Mark Bw"]
[Result "1-0"]
[WhiteElo "1741"]
[BlackElo "1688"]
[PlyCount "55"]
[EventDate "2020.01.17"]

1. e4 e6 2. d4 d5 3. Nd2 Nf6 4. e5 Nfd7 5. Bd3 c5 6. c3 Nc6 7. Ne2 f6 8. f4
cxd4 9. cxd4 fxe5 10. fxe5 Nxd4 11. O-O Qb6 12. Kh1 Nxe5 13. Nxd4 Qxd4 14. Bb5+
Bd7 15. Qe2 Nc6 16. Nb3 Qb6 17. Be3 Qd8 18. Rae1 Be7 19. Bc5 Bf6 20. Qh5+ g6
21. Qxd5 Kf7 22. Rxf6+ Kxf6 23. Qf3+ Kg7 24. Rf1 Be8 25. Bxc6 Bxc6 26. Bd4+ Kh6
27. Qh3+ Kg5 28. Be3# 1-0

[Event "24th 4NCL Congress"]
[Site "Harrogate"]
[Date "2020.01.19"]
[Round "4.23"]
[White "Bowman, Richard L"]
[Black "Jayawarna, Tarini"]
[Result "1-0"]
[WhiteElo "1740"]
[BlackElo "1564"]
[PlyCount "117"]
[EventDate "2020.01.17"]

1. d4 Nf6 2. c4 g6 3. Nc3 Bg7 4. e4 d6 5. Be2 O-O 6. Be3 Nc6 7. g4 e5 8. d5 Nd4
9. g5 Nd7 10. h4 Qe7 11. h5 a6 12. hxg6 fxg6 13. a4 b6 14. Bg4 Bb7 15. Ra3 Rae8
16. Kd2 c6 17. Qf1 Nc5 18. Qd1 a5 19. Kc1 cxd5 20. Nxd5 Bxd5 21. exd5 Ne4 22.
Bxd4 exd4 23. Be6+ Kh8 24. Rxh7+ Kxh7 25. Rh3+ Bh6 26. Rxh6+ Kg7 27. Qxd4+ Nf6
28. Qd3 Ne4 29. Qd4+ Nf6 30. gxf6+ Qxf6 31. Qxf6+ Rxf6 32. Rh2 Ref8 33. f3 Rf4
34. b3 Kf6 35. Bg4 Ke5 36. Ne2 R4f7 37. Rh6 Kf6 38. Nd4 Kg7 39. Rh2 Re8 40.
Ne6+ Kf6 41. Kd2 Ree7 42. Ke3 Rh7 43. Rb2 g5 44. b4 Rb7 45. Kd4 Rhd7 46. b5 Re7
47. Rf2 Rb8 48. Rh2 Kg6 49. Ke4 Rf8 50. Kd4 Rg8 51. Rh5 Kf6 52. Rh6+ Rg6 53.
Rh8 Rb7 54. Bh5 Rgg7 55. Rh6+ Rg6 56. Rxg6+ Kf5 57. Rxg5+ Kf6 58. Rg6+ Kf5 59.
Rh6 1-0

[Event "24th 4NCL Congress"]
[Site "Harrogate"]
[Date "2020.01.19"]
[Round "4.25"]
[White "Parry, Jacques H"]
[Black "Tait, Bill"]
[Result "1/2-1/2"]
[WhiteElo "1616"]
[BlackElo "1710"]
[PlyCount "32"]
[EventDate "2020.01.17"]

1. e4 e5 2. Nf3 d6 3. d4 exd4 4. Nxd4 Nf6 5. Nc3 Be7 6. g3 Bg4 7. Qd3 Bd7 8.
Bg2 Nc6 9. Nxc6 Bxc6 10. Nd5 a6 11. b3 Nxd5 12. exd5 Bd7 13. Bb2 O-O 14. O-O
Bf6 15. Bxf6 Qxf6 16. Be4 g6 1/2-1/2

[Event "24th 4NCL Congress"]
[Site "Harrogate"]
[Date "2020.01.19"]
[Round "4.26"]
[White "Garnett, John S"]
[Black "Dowling, Richard K"]
[Result "1-0"]
[WhiteElo "1865"]
[BlackElo "1705"]
[PlyCount "65"]
[EventDate "2020.01.17"]

1. d4 Nf6 2. Bg5 c5 3. d5 Ne4 4. Bf4 Qb6 5. Nd2 Nxd2 6. Bxd2 Qxb2 7. e4 Qe5 8.
Bd3 e6 9. Nf3 Qc7 10. O-O c4 11. Be2 b5 12. Rb1 c3 13. Be3 b4 14. e5 exd5 15.
Qxd5 Bb7 16. Qd4 Nc6 17. Qc4 Rc8 18. Rfe1 Nd8 19. Qg4 Ne6 20. Rbd1 h5 21. Qg3
a5 22. Ng5 h4 23. Qg4 Qxe5 24. Nxf7 Kxf7 25. Rxd7+ Kg8 26. Rxb7 Bd6 27. Bf4
Nxf4 28. Qxc8+ Kh7 29. Qg4 Kh6 30. Qxh4+ Nh5 31. g4 g6 32. Rb5 Qe4 33. g5+ 1-0

[Event "24th 4NCL Congress"]
[Site "Harrogate"]
[Date "2020.01.19"]
[Round "5.2"]
[White "Ormerod, Stephen"]
[Black "Obi, Marc On"]
[Result "0-1"]
[WhiteElo "1877"]
[BlackElo "1783"]
[PlyCount "154"]
[EventDate "2020.01.17"]

1. Nf3 d5 2. e3 Bf5 3. d4 Nf6 4. c4 e6 5. Nc3 c6 6. Bd3 dxc4 7. Bxc4 Bb4 8. Bd2
Nbd7 9. a3 Bxc3 10. Bxc3 O-O 11. O-O Ne4 12. Bd3 c5 13. Bxe4 Bxe4 14. dxc5 Nxc5
15. Bd4 Bxf3 16. Qxf3 Nb3 17. Rad1 Nxd4 18. Rxd4 Qc7 19. Rfd1 Rad8 20. Qe4 g6
21. Qd3 Rxd4 22. Qxd4 Qc2 23. g3 Rc8 24. Kg2 a5 25. Qd7 b5 26. Rd2 Qc5 27. Rd6
Kg7 28. h4 h5 29. Ra6 a4 30. Kh2 Qc2 31. Qd4+ Kg8 32. Kg2 Qc5 33. Qf4 Qf5 34.
Qd4 Qd5+ 35. Qxd5 exd5 36. Rd6 Rc2 37. Rxd5 Rxb2 38. Kf3 Kg7 39. Rd6 Kf8 40.
Rb6 Ke7 41. Ke4 Rxf2 42. Rxb5 Ra2 43. Ke5 Rxa3 44. Rb7+ Ke8 45. Ke4 Ra1 46. Ra7
a3 47. Ke5 a2 48. e4 Kf8 49. Ra6 Kg7 50. Ra7 Rg1 51. Rxa2 Rxg3 52. Rh2 f6+ 53.
Ke6 Rg4 54. Kd5 Kf7 55. e5 fxe5 56. Kxe5 Ke7 57. Rh3 Rg1 58. Rf3 Rg4 59. Rh3
Kf7 60. Kd6 Re4 61. Rf3+ Kg7 62. Rh3 Kh6 63. Kd5 Re1 64. Kd4 g5 65. hxg5+ Kxg5
66. Rg3+ Kf4 67. Rg8 h4 68. Rf8+ Kg3 69. Rg8+ Kh2 70. Kd3 h3 71. Kd2 Rg1 72.
Rh8 Rg3 73. Ke2 Kg2 74. Rf8 h2 75. Rf2+ Kh3 76. Rf1 Rg1 77. Rf3+ Kg4 0-1

[Event "24th 4NCL Congress"]
[Site "Harrogate"]
[Date "2020.01.19"]
[Round "5.3"]
[White "Graham, Oliver"]
[Black "Williamson, Graham Ag"]
[Result "1-0"]
[WhiteElo "1908"]
[BlackElo "1809"]
[PlyCount "69"]
[EventDate "2020.01.17"]

1. e4 d6 2. d4 Nf6 3. Nd2 g6 4. Ngf3 Bg7 5. Bc4 c6 6. Bb3 Bg4 7. h3 Bd7 8. O-O
O-O 9. e5 Nd5 10. Ne4 Bf5 11. Ng3 Bd7 12. Bg5 f6 13. exf6 Bxf6 14. Bxd5+ cxd5
15. Bh6 Bg7 16. Qd2 Bxh3 17. Bxg7 Kxg7 18. Qg5 Rxf3 19. gxf3 Bxf1 20. Rxf1 Nc6
21. Qxd5 Qa5 22. Qe6 Qg5 23. Re1 Rf8 24. Kg2 h5 25. Qe3 Rf4 26. Kf1 Qb5+ 27.
Kg2 Rxd4 28. b3 h4 29. Ne4 Qh5 30. c4 h3+ 31. Kh2 Ne5 32. Qxd4 Qxf3 33. Rg1 Kf8
34. Rg3 Qf4 35. Kxh3 1-0

[Event "24th 4NCL Congress"]
[Site "Harrogate"]
[Date "2020.01.19"]
[Round "5.4"]
[White "Hilton, Tim"]
[Black "Kane, Robert"]
[Result "1/2-1/2"]
[WhiteElo "1892"]
[BlackElo "1763"]
[PlyCount "80"]
[EventDate "2020.01.17"]

1. d4 Nf6 2. Nc3 d5 3. Bf4 c6 4. e3 Bf5 5. f3 e6 6. g4 Bg6 7. h4 h5 8. g5 Ng8
9. Nh3 Bd6 10. Bxd6 Qxd6 11. Nf4 Ne7 12. Bd3 e5 13. Nxg6 fxg6 14. Qe2 exd4 15.
exd4 O-O 16. O-O-O Na6 17. Bxa6 bxa6 18. Na4 Nf5 19. Qd3 Rfe8 20. Kb1 Kh7 21.
Nc5 Re3 22. Qxa6 Rae8 23. Qa3 R8e7 24. Qa4 Qg3 25. Nd3 Nxh4 26. Qxc6 Nxf3 27.
Qxd5 Qg2 28. Qc5 R7e4 29. a4 Rxd4 30. a5 Rexd3 31. cxd3 Nd2+ 32. Rxd2 Qxh1+ 33.
Kc2 Rf4 34. a6 Rf1 35. Kb3 h4 36. Re2 Rc1 37. Rc2 Rxc2 38. Qxc2 h3 39. Qc4 h2
40. Qh4+ Kg8 1/2-1/2

[Event "24th 4NCL Congress"]
[Site "Harrogate"]
[Date "2020.01.19"]
[Round "5.5"]
[White "Barber, Andrew M"]
[Black "Burns, Martin J"]
[Result "0-1"]
[WhiteElo "1822"]
[BlackElo "1878"]
[PlyCount "88"]
[EventDate "2020.01.17"]

1. c4 Nf6 2. g3 e5 3. Bg2 Nc6 4. Nc3 Bc5 5. a3 a5 6. e3 O-O 7. Nge2 Re8 8. O-O
d6 9. h3 e4 10. Nf4 Bf5 11. d4 exd3 12. Nxd3 Ba7 13. b3 Ne4 14. Nxe4 Bxe4 15.
Bxe4 Rxe4 16. Qf3 Qe7 17. Bd2 Re8 18. Kg2 a4 19. bxa4 Rxc4 20. Nb4 Qe4 21. Rfc1
Qxf3+ 22. Kxf3 Ne5+ 23. Ke2 c6 24. Bc3 Nd7 25. a5 Nc5 26. Rab1 d5 27. Nd3 Na4
28. Bb4 Rxc1 29. Rxc1 d4 30. Nc5 Nxc5 31. Bxc5 Bxc5 32. Rxc5 dxe3 33. a6 exf2+
34. Kxf2 bxa6 35. Rxc6 Ra8 36. Ke3 Kf8 37. Kd4 Ke7 38. a4 Kd7 39. Kc5 a5 40.
Rb6 Kc7 41. Kb5 f5 42. Ra6 Rxa6 43. Kxa6 g5 44. Kxa5 f4 0-1

[Event "24th 4NCL Congress"]
[Site "Harrogate"]
[Date "2020.01.19"]
[Round "5.6"]
[White "Coop, Brian H"]
[Black "Davies, Sam"]
[Result "1/2-1/2"]
[WhiteElo "1913"]
[BlackElo "1788"]
[PlyCount "54"]
[EventDate "2020.01.17"]

1. e4 e6 2. d4 d5 3. Nc3 Nf6 4. e5 Nfd7 5. f4 c5 6. Nf3 Nc6 7. Be3 a6 8. Qd2 b5
9. dxc5 Nxc5 10. Nd4 Nxd4 11. Bxd4 Qa5 12. Bd3 b4 13. Ne2 Bd7 14. O-O Be7 15.
Kh1 O-O 16. Qe3 Nxd3 17. cxd3 f6 18. f5 fxe5 19. Qxe5 Bf6 20. Qd6 e5 21. Bc5
Rf7 22. Bxb4 Qb5 23. Nc3 Qxd3 24. Rad1 Qc2 25. Qxd5 Rb8 26. Ba3 Bb5 27. Rfe1
Qxf5 1/2-1/2

[Event "24th 4NCL Congress"]
[Site "Harrogate"]
[Date "2020.01.19"]
[Round "5.7"]
[White "Whitehead, Mark A"]
[Black "Bielby, Paul R"]
[Result "1-0"]
[WhiteElo "1755"]
[BlackElo "1902"]
[PlyCount "87"]
[EventDate "2020.01.17"]

1. e4 e5 2. Nf3 Nc6 3. Bb5 a6 4. Ba4 d6 5. c3 f5 6. d3 Nf6 7. Nbd2 Be7 8. O-O
O-O 9. Bb3+ Kh8 10. Qe2 Qe8 11. Re1 f4 12. d4 Qh5 13. Bd5 g5 14. Bxc6 bxc6 15.
dxe5 dxe5 16. Nxe5 g4 17. Nd3 Nd7 18. Nf1 f3 19. Qe3 Ne5 20. Nxe5 Qxe5 21. Qd4
Bf6 22. Qxe5 Bxe5 23. Be3 Be6 24. Bd4 Bxd4 25. cxd4 Rf7 26. b3 Raf8 27. g3 Rd8
28. Rac1 Rxd4 29. Rxc6 Bc8 30. Rc4 Rxc4 31. bxc4 Kg7 32. Ne3 Kf6 33. e5+ Kxe5
34. Nxg4+ Kd4 35. Rd1+ Kc5 36. Ne3 Be6 37. Rc1 Rd7 38. h4 h5 39. Rc2 c6 40. Kf1
Rd4 41. Ke1 Bxc4 42. Nxc4 Rxc4 43. Rxc4+ Kxc4 44. g4 1-0

[Event "24th 4NCL Congress"]
[Site "Harrogate"]
[Date "2020.01.19"]
[Round "5.8"]
[White "Riding, Mick D"]
[Black "Tomlinson, Zak"]
[Result "1/2-1/2"]
[WhiteElo "1854"]
[BlackElo "1745"]
[PlyCount "44"]
[EventDate "2020.01.17"]

1. b3 e5 2. Bb2 Nc6 3. e3 a6 4. Nf3 d6 5. c4 Be7 6. Nc3 f5 7. d4 e4 8. Nd2 Nf6
9. Be2 O-O 10. O-O Qe8 11. f3 Qg6 12. fxe4 fxe4 13. Rf4 Bf5 14. Kh1 h5 15. h3
Qh7 16. Qg1 g5 17. Rf2 h4 18. Raf1 Bg6 19. a3 Rae8 20. g4 hxg3 21. Qxg3 Qh6 22.
Kg2 Bd8 1/2-1/2

[Event "24th 4NCL Congress"]
[Site "Harrogate"]
[Date "2020.01.19"]
[Round "5.9"]
[White "Grice, Alec"]
[Black "Mckerracher, Douglas"]
[Result "0-1"]
[WhiteElo "1570"]
[BlackElo "1852"]
[PlyCount "96"]
[EventDate "2020.01.17"]

1. e4 d5 2. exd5 Qxd5 3. Nc3 Qa5 4. d4 Nf6 5. Nf3 Bf5 6. Bc4 e6 7. O-O c6 8.
Re1 Be7 9. Bd2 Qc7 10. Ne5 Nbd7 11. Bf4 Bd6 12. Qe2 O-O 13. Rad1 Nd5 14. Bxd5
exd5 15. Qf3 Bxc2 16. Rd2 Bg6 17. Rde2 Nf6 18. Nxg6 hxg6 19. Be5 Nd7 20. Bxd6
Qxd6 21. Re7 Rab8 22. Qe3 Nf6 23. f4 Rfe8 24. Re5 Qd7 25. h3 Kf8 26. g4 Ng8 27.
Ne2 f6 28. Rxe8+ Rxe8 29. Qd2 Qd6 30. Ng3 Rxe1+ 31. Qxe1 Qxf4 32. Qb4+ Ne7 33.
Nf1 b6 34. a4 Kf7 35. Qc3 f5 36. Nh2 Qe4 37. Nf3 Kf6 38. g5+ Ke6 39. Ne5 c5 40.
Nf3 Kd6 41. dxc5+ bxc5 42. b4 cxb4 43. Qxg7 Qxf3 44. Qf6+ Kd7 45. Qd4 Qg3+ 46.
Kf1 Qxh3+ 47. Kf2 Qh2+ 48. Kf1 Qb8 0-1

[Event "24th 4NCL Congress"]
[Site "Harrogate"]
[Date "2020.01.19"]
[Round "5.10"]
[White "Macdonald, Ciaran"]
[Black "Bagley, Andy J"]
[Result "1/2-1/2"]
[WhiteElo "1640"]
[BlackElo "1833"]
[PlyCount "30"]
[EventDate "2020.01.17"]

1. Nf3 e6 2. d4 f5 3. c4 Nf6 4. g3 d5 5. Bg2 c6 6. O-O Bd6 7. b3 Qe7 8. Bb2 O-O
9. Nbd2 b6 10. Ne5 Bb7 11. f4 Nbd7 12. Rc1 c5 13. e3 Ne4 14. Ndf3 Rac8 15. Qc2
Ndf6 1/2-1/2

[Event "24th 4NCL Congress"]
[Site "Harrogate"]
[Date "2020.01.19"]
[Round "5.11"]
[White "Jones, Neil T"]
[Black "Heald, Carl"]
[Result "1/2-1/2"]
[WhiteElo "1806"]
[BlackElo "1756"]
[PlyCount "41"]
[EventDate "2020.01.17"]

1. e4 e5 2. Nf3 Nc6 3. Bb5 Nf6 4. O-O Nxe4 5. Re1 Nd6 6. Nxe5 Nxe5 7. Rxe5+ Be7
8. Bf1 O-O 9. d4 Bf6 10. Re1 Re8 11. c3 Nf5 12. d5 d6 13. Nd2 Rxe1 14. Qxe1 Ne7
15. c4 Bf5 16. Nf3 Ng6 17. Qb4 b6 18. Be3 a5 19. Qd2 Ne5 20. Nxe5 Bxe5 21. Bd4
1/2-1/2

[Event "24th 4NCL Congress"]
[Site "Harrogate"]
[Date "2020.01.19"]
[Round "5.12"]
[White "Stephenson, David W"]
[Black "Bowman, Richard L"]
[Result "1/2-1/2"]
[WhiteElo "1793"]
[BlackElo "1740"]
[PlyCount "212"]
[EventDate "2020.01.17"]

1. d4 c6 2. Nf3 d6 3. e4 Bg4 4. Nc3 Qc7 5. Bc4 Nf6 6. O-O e5 7. Be3 Nbd7 8. d5
Be7 9. h3 Bh5 10. a4 a5 11. Qe2 O-O 12. Rfd1 Rfd8 13. Rab1 Rac8 14. Bd3 Nb6 15.
b4 axb4 16. Rxb4 c5 17. Rb5 Nbd7 18. Bc4 Ra8 19. Rdb1 Rdb8 20. Bd2 Ne8 21. g4
Bg6 22. h4 h5 23. Ng5 Ndf6 24. gxh5 Bxh5 25. f3 Qc8 26. Rb6 Bd8 27. R6b2 b6 28.
Bb5 Ra7 29. Bc6 Nc7 30. Nd1 Nh7 31. Qg2 Nxg5 32. Bxg5 f6 33. Bd2 Qa6 34. Ne3
Ne8 35. Nf5 Re7 36. a5 g6 37. axb6 Rg7 38. Nxg7 Nxg7 39. b7 f5 40. Bg5 Bxg5 41.
hxg5 fxe4 42. fxe4 c4 43. c3 Qa3 44. Ra2 Qxc3 45. Ra8 Qe3+ 46. Qf2 Qxg5+ 47.
Kh1 Qg4 48. Rxb8+ Kh7 49. Rh8+ Kxh8 50. b8=Q+ Kh7 51. Qbf8 Qxe4+ 52. Kh2 Qxb1
53. Be8 Qc1 54. Qh4 Qd2+ 55. Qff2 c3 56. Qxd2 cxd2 57. Ba4 Nf5 58. Qf2 Nd4 59.
Kg3 d1=Q 60. Bxd1 Bxd1 61. Qf7+ Kh6 62. Qf8+ Kg5 63. Qe7+ Kh6 64. Qh4+ Bh5 65.
Qd8 Nf5+ 66. Kh3 Kh7 67. Qf8 Bf3 68. Qf6 Kh6 69. Qf8+ Kh7 70. Kh2 Bxd5 71. Qd8
e4 72. Kg1 e3 73. Qc7+ Kh6 74. Qc3 Bf3 75. Qe1 d5 76. Qf1 e2 77. Qe1 d4 78. Kf2
Bh5 79. Qd2+ Kh7 80. Qd3 Ne3 81. Qd2 Kg8 82. Qa2+ Kf8 83. Qa3+ Kg7 84. Qd3 Kh6
85. Qe4 Bg4 86. Ke1 Kh5 87. Kf2 Kh6 88. Ke1 g5 89. Kd2 Nf1+ 90. Ke1 Ne3 91.
Qh1+ Kg6 92. Qc6+ Kh5 93. Qh1+ Kg6 94. Qe4+ Kh5 95. Qh1+ Kg6 96. Qc6+ Kf5 97.
Qd7+ Ke4 98. Qc6+ Kf4 99. Qf6+ Ke4 100. Qc6+ Kd3 101. Qb5+ Kc3 102. Qa5+ Kd3
103. Qa3+ Ke4 104. Qa8+ Kf4 105. Qc6 Bf3 106. Qf6+ Ke4 1/2-1/2

[Event "24th 4NCL Congress"]
[Site "Harrogate"]
[Date "2020.01.19"]
[Round "5.13"]
[White "Holi, Siefaldin A"]
[Black "Cawston, M John"]
[Result "0-1"]
[WhiteElo "1728"]
[BlackElo "1778"]
[PlyCount "138"]
[EventDate "2020.01.17"]

1. d4 Nf6 2. c4 Nc6 3. Nc3 e5 4. d5 Ne7 5. e4 Ng6 6. Nge2 Bc5 7. Ng3 O-O 8. Be2
a6 9. Bg5 h6 10. Bd2 d6 11. a3 Bd7 12. O-O Qe8 13. Kh1 Nf4 14. Bxf4 exf4 15.
Nh5 Nxe4 16. Nxe4 Qxe4 17. Bd3 Qe5 18. b4 Bd4 19. Rb1 Qg5 20. Be2 Be5 21. g3
fxg3 22. Nxg3 Qh4 23. Qd3 f5 24. Qf3 f4 25. Ne4 Bf5 26. Rg1 Kh8 27. Bd3 g5 28.
Qd1 Bxe4+ 29. f3 Bxd3 30. Qxd3 Qh5 31. Rg4 Qf7 32. Rbg1 Qf5 33. Qf1 Bd4 34.
R1g2 Rae8 35. h4 Bc3 36. Re2 Rxe2 37. Qxe2 Qe5 38. Qh2 Qe1+ 39. Qg1 Qxg1+ 40.
Kxg1 gxh4 41. Rxh4 Kg7 42. Rg4+ Kh7 43. Kf2 Bd4+ 44. Ke2 Be3 45. Kd3 Rg8 46.
Rh4 Rg5 47. a4 Kg6 48. Ke4 h5 49. Rh1 Re5+ 50. Kd3 Kg5 51. Rh2 h4 52. Rg2+ Kf6
53. Rh2 Rh5 54. Ke4 h3 55. Kd3 Bg1 56. Rh1 h2 57. Ke4 Rf5 58. c5 Kg6 59. b5
axb5 60. cxd6 cxd6 61. axb5 b6 62. Kd3 Rxd5+ 63. Kc4 Rd1 64. Kb3 Rc1 65. Kb2
Rc5 66. Kb3 d5 67. Kb2 d4 68. Kb3 d3 69. Kb4 d2 0-1

[Event "24th 4NCL Congress"]
[Site "Harrogate"]
[Date "2020.01.19"]
[Round "5.14"]
[White "Bitlloch, Jordi"]
[Black "Curras Lorenzo, Guillermo"]
[Result "1-0"]
[WhiteElo "1683"]
[BlackElo "1765"]
[PlyCount "45"]
[EventDate "2020.01.17"]

1. e4 c5 2. Nf3 d6 3. d4 cxd4 4. Nxd4 Nf6 5. Nc3 a6 6. Be2 g6 7. Be3 Bg7 8. O-O
O-O 9. Nb3 Be6 10. Nd4 Bd7 11. Nd5 Nxd5 12. exd5 Qa5 13. Qd3 Bc8 14. Nb3 Qc7
15. c3 Bf5 16. Qd2 Nd7 17. g4 Bxg4 18. Bxg4 Ne5 19. Be2 Qd7 20. f4 Ng4 21. Bxg4
Qxg4+ 22. Qg2 Qf5 23. Rad1 1-0

[Event "24th 4NCL Congress"]
[Site "Harrogate"]
[Date "2020.01.19"]
[Round "5.16"]
[White "Connor, Michael I"]
[Black "Millar, Greg F"]
[Result "1/2-1/2"]
[WhiteElo "1576"]
[BlackElo "1741"]
[PlyCount "78"]
[EventDate "2020.01.17"]

1. d4 d5 2. c4 c6 3. g3 Nf6 4. Bg2 e6 5. Qc2 Be7 6. Nf3 Nbd7 7. O-O O-O 8. Rd1
Ne4 9. b3 f5 10. e3 g5 11. Nc3 Qe8 12. Ne2 b6 13. cxd5 cxd5 14. Qc6 Ba6 15.
Qxe6+ Kh8 16. Bf1 Qh5 17. Kg2 g4 18. Nfg1 Bxe2 19. Bxe2 Qe8 20. Bb2 Rf6 21.
Qxd5 Rd8 22. Qc4 Rh6 23. d5+ Bf6 24. Bxf6+ Ndxf6 25. h4 gxh3+ 26. Nxh3 Rxh3 27.
Kxh3 Nxf2+ 28. Kg2 Nxd1 29. Rxd1 Qxe3 30. Bf3 Rg8 31. Qd4 Qg5 32. Qe5 f4 33.
Qxg5 Rxg5 34. d6 Rxg3+ 35. Kf2 Rg8 36. d7 Rd8 37. Bc6 Kg7 38. Re1 Kf7 39. Kf3
Nxd7 1/2-1/2

[Event "24th 4NCL Congress"]
[Site "Harrogate"]
[Date "2020.01.19"]
[Round "5.17"]
[White "Garnett, John S"]
[Black "Doherty, Paul D"]
[Result "0-1"]
[WhiteElo "1865"]
[BlackElo "1733"]
[PlyCount "56"]
[EventDate "2020.01.17"]

1. c4 e6 2. g3 f5 3. Bg2 Nf6 4. Nc3 d6 5. e4 e5 6. Nge2 Be7 7. O-O c6 8. d4
Nbd7 9. exf5 O-O 10. Re1 Qe8 11. dxe5 Nxe5 12. b3 Bxf5 13. Nd4 Bd7 14. Bb2 Nfg4
15. f3 Nf6 16. Qc2 Qh5 17. Rad1 Rae8 18. Nce2 Nfg4 19. fxg4 Nxg4 20. Nf4 Qxh2+
21. Kf1 Qxg3 22. Bc1 g5 23. Rd3 Rxf4+ 24. Bxf4 Qxf4+ 25. Nf3 Bf5 26. Qc3 Bxd3+
27. Qxd3 Ne5 28. Qe2 g4 0-1

[Event "24th 4NCL Congress"]
[Site "Harrogate"]
[Date "2020.01.19"]
[Round "5.18"]
[White "Murphy, Ross"]
[Black "Baxter, Harry"]
[Result "1/2-1/2"]
[WhiteElo "1639"]
[BlackElo "1861"]
[PlyCount "51"]
[EventDate "2020.01.17"]

1. d4 Nf6 2. c4 g6 3. Nc3 d5 4. cxd5 Nxd5 5. e4 Nxc3 6. bxc3 Bg7 7. Be3 O-O 8.
Qd2 c5 9. Ne2 cxd4 10. cxd4 Nc6 11. Rd1 b6 12. Bh6 e5 13. d5 Na5 14. Ng3 f5 15.
Bxg7 Kxg7 16. exf5 Bxf5 17. h4 Rc8 18. h5 g5 19. h6+ Kh8 20. Rh5 Bg6 21. Rxg5
Rxf2 22. Qxf2 Qxg5 23. d6 Qf4 24. Qxf4 exf4 25. Ne2 Bf5 26. Nxf4 1/2-1/2

[Event "24th 4NCL Congress"]
[Site "Harrogate"]
[Date "2020.01.19"]
[Round "5.19"]
[White "Cooper, Malcolm H"]
[Black "Parry, Jacques H"]
[Result "1/2-1/2"]
[WhiteElo "1847"]
[BlackElo "1616"]
[PlyCount "64"]
[EventDate "2020.01.17"]

1. d4 Nf6 2. c4 c5 3. d5 g6 4. Nc3 Bg7 5. Nf3 d6 6. e4 O-O 7. h3 e6 8. Be2 Na6
9. Bf4 exd5 10. cxd5 Nc7 11. Nd2 b5 12. Nxb5 Nxb5 13. Bxb5 Nxe4 14. Bc6 Nxd2
15. Bxd2 Ba6 16. Qc2 Qe7+ 17. Be3 Rab8 18. Rb1 Bd4 19. Kd2 Rb4 20. b3 Bxe3+ 21.
fxe3 f5 22. Rbe1 Re4 23. Qc3 Qh4 24. Kc2 f4 25. Bd7 Bc8 26. Bxc8 Rxc8 27. exf4
Rxf4 28. Re2 Rf2 29. Qe3 Rcf8 30. Rhe1 Qf6 31. Kd3 Rxe2 32. Rxe2 Qf5+ 1/2-1/2

[Event "24th 4NCL Congress"]
[Site "Harrogate"]
[Date "2020.01.19"]
[Round "5.20"]
[White "Potter, Steven"]
[Black "Robinson, Brian"]
[Result "1-0"]
[WhiteElo "1732"]
[BlackElo "1573"]
[PlyCount "25"]
[EventDate "2020.01.17"]

1. d4 Nf6 2. Bg5 c6 3. c3 d5 4. Nd2 Bf5 5. Bxf6 exf6 6. e3 Bd6 7. Ngf3 O-O 8.
c4 dxc4 9. Bxc4 Nd7 10. Nh4 Be6 11. Bxe6 fxe6 12. Qb3 Qe7 13. Nf5 1-0

[Event "24th 4NCL Congress"]
[Site "Harrogate"]
[Date "2020.01.19"]
[Round "5.21"]
[White "Dean, Robert A"]
[Black "O'gorman, Brendan"]
[Result "1/2-1/2"]
[WhiteElo "1771"]
[BlackElo "1632"]
[PlyCount "32"]
[EventDate "2020.01.17"]

1. e4 c5 2. f4 Nc6 3. Nf3 e6 4. Nc3 a6 5. a4 d5 6. exd5 exd5 7. Qe2+ Be7 8. Ne5
Nd4 9. Qd1 Nf6 10. g3 O-O 11. Bg2 Be6 12. O-O Rc8 13. d3 Qc7 14. Bd2 Nc6 15.
Nxc6 bxc6 16. b3 Bg4 1/2-1/2